[Event "Dubna"]
[Site "Dubna"]
[Date "2015.12.05"]
[Round "13"]
[White "Sosulin, Eduard"]
[Black "Pogosian, Manvel"]
[Result "1/2-1/2"]
[WhiteElo "2390"]
[BlackElo "2382"]
[PlyCount "86"]
[EventDate "2015.11.28"]
[EventType "tourn"]
[EventRounds "13"]
[EventCountry "RUS"]
[EventCategory "6"]
[SourceTitle "EXT 2017"]
[Source "ChessBase"]
[SourceDate "2016.10.25"]
[SourceVersion "1"]
[SourceVersionDate "2016.10.25"]
[SourceQuality "1"]

1. d4 d5 2. c4 c6 3. Nc3 Nf6 4. cxd5 cxd5 5. Bf4 Nc6 6. e3 Bf5 7. Nf3 e6 8. Bb5 Nd7 9. Qa4 Rc8 10. 0-0 a6 11. Bxc6 Rxc6 12. Rfc1 Be7 13. Nd1 b5 14. Qb3 Qb6 15. a4 0-0 16. Rxc6 Qxc6 17. axb5 axb5 18. Ra7 Rc8 19. Qc3 Bf6 20. Qxc6 Rxc6 21. Rxd7 Rc1 22. h3 Rxd1+ 23. Kh2 h6 24. Rb7 Bd3 25. Bd6 Rb1 26. b4 Rb2 27. Kg3 Bc4 28. Ra7 Ra2 29. Rxa2 Bxa2 30. Ne5 Bxe5+ 31. Bxe5 f6 32. Bd6 Kf7 33. h4 h5 34. Kf4 Bc4 35. f3 Bd3 36. e4 Bf1 37. g3 Bg2 38. Ke3 Bh3 39. e5 Ke8 40. Kf4 Bf5 41. g4 Bg6 42. exf6 gxf6 43. g5 Kf7 1/2-1/2

[Event "Dubna"]
[Site "Dubna"]
[Date "2015.12.04"]
[Round "11"]
[White "Sosulin, Eduard"]
[Black "Kurilin, Alexander"]
[Result "1/2-1/2"]
[WhiteElo "2390"]
[BlackElo "2285"]
[PlyCount "83"]
[EventDate "2015.11.28"]
[EventType "tourn"]
[EventRounds "13"]
[EventCountry "RUS"]
[EventCategory "6"]
[SourceTitle "EXT 2017"]
[Source "ChessBase"]
[SourceDate "2016.10.25"]
[SourceVersion "1"]
[SourceVersionDate "2016.10.25"]
[SourceQuality "1"]

1. d4 Nf6 2. c4 e6 3. Nc3 Bb4 4. Qc2 c5 5. dxc5 0-0 6. a3 Bxc5 7. Nf3 b6 8. Bf4 Nh5 9. Bg3 Bb7 10. Rd1 Be7 11. e3 h6 12. Bd3 Nc6 13. Bh7+ Kh8 14. Be4 Qc8 15. 0-0 Na5 16. Bxb7 Qxb7 17. Nb5 Nxg3 18. hxg3 Rac8 19. Qd3 Rfd8 20. Rc1 d5 21. cxd5 Rxd5 22. Qe2 Nc6 23. Rfd1 Rcd8 24. Rxd5 Rxd5 25. Nc3 Rd7 26. Qc2 Kg8 27. Nb5 Rd5 28. Qxc6 Qxc6 29. Rxc6 Rxb5 30. b4 Bf6 31. Rc8+ Kh7 32. Rc7 a5 33. bxa5 Rxa5 34. Rxf7 Rxa3 35. Rb7 Rb3 36. Nd4 Bxd4 37. exd4 Kg6 38. g4 b5 39. Kh2 Kf6 40. f3 Rb4 41. Kg3 Rxd4 42. Rxb5 1/2-1/2

[Event "Dubna"]
[Site "Dubna"]
[Date "2015.12.01"]
[Round "6"]
[White "Sosulin, Eduard"]
[Black "Pourramezanali, Amirreza"]
[Result "0-1"]
[WhiteElo "2390"]
[BlackElo "2463"]
[PlyCount "68"]
[EventDate "2015.11.28"]
[EventType "tourn"]
[EventRounds "13"]
[EventCountry "RUS"]
[EventCategory "6"]
[SourceTitle "EXT 2017"]
[Source "ChessBase"]
[SourceDate "2016.10.25"]
[SourceVersion "1"]
[SourceVersionDate "2016.10.25"]
[SourceQuality "1"]

1. d4 d5 2. c4 c6 3. Nf3 Nf6 4. Nc3 dxc4 5. a4 Bf5 6. Nh4 Bd7 7. e3 e6 8. Bxc4 c5 9. 0-0 Nc6 10. Nf3 Be7 11. Qe2 cxd4 12. exd4 Nb4 13. Ne5 0-0 14. Rd1 Bc6 15. Bg5 Rc8 16. Nxc6 bxc6 17. Rac1 Nbd5 18. Bd3 Qb6 19. Ne4 Rfd8 20. Nxf6+ Bxf6 21. Be3 Nxe3 22. fxe3 c5 23. Qh5 g6 24. dxc5 Qxb2 25. Qe2 Qe5 26. c6 Bg5 27. Re1 Rd6 28. Bb5 a6 29. Bxa6 Rcxc6 30. Rxc6 Rxc6 31. e4 Bf4 32. g3 Bxg3 33. hxg3 Qxg3+ 34. Kf1 Rc3 0-1

[Event "Tula Efremenkov Memorial"]
[Site "Tula"]
[Date "2015.01.23"]
[Round "11"]
[White "Sosulin, Eduard"]
[Black "Arakeljan, Armen M"]
[Result "1/2-1/2"]
[WhiteElo "2342"]
[BlackElo "2307"]
[PlyCount "54"]
[EventDate "2015.01.14"]
[EventType "tourn"]
[EventRounds "13"]
[EventCountry "RUS"]
[EventCategory "2"]
[SourceTitle "CBM 164 Extra"]
[Source "ChessBase"]
[SourceDate "2015.03.02"]
[SourceVersion "1"]
[SourceVersionDate "2015.03.02"]
[SourceQuality "1"]

1. g3 d5 2. Bg2 e6 3. Nf3 c5 4. 0-0 Nc6 5. d3 Nf6 6. Nbd2 Bd6 7. e4 0-0 8. Re1 Qc7 9. Qe2 Be7 10. c3 h6 11. d4 Bd7 12. e5 Nh7 13. dxc5 Bxc5 14. Nb3 Ne7 15. h4 Rfc8 16. Bf4 Ba4 17. Be3 Bxe3 18. Qxe3 Bb5 19. Nfd4 Ba6 20. Bf1 Bxf1 21. Rxf1 a6 22. a4 Nf8 23. a5 Nc6 24. f4 Rab8 25. Qe2 Nxd4 26. Nxd4 Nd7 27. Kh2 Nc5 1/2-1/2